000 00898nam a2200265 i 4500
003 EG-GICUC
005 20260302090844.0
008 260302b1999 au ||||fr|||| 00| 0 eng d
040 _aEG-GiCUC
_beng
_cEG-GiCUC
_dEG-GiCUC
_erda
082 0 4 _221
_a341.84
092 0 4 _221
099 _aLaw 12 1999
100 1 _aElghatit, Aly Hamed M.
245 1 0 _aSelected Readings, commentaries, materials and cases for lectures on conflict of laws & international jurisdictions /
_cby Aly Hamed M. Elghatit.
264 _aCairo :
_bLimited Copies,
_c1999.
300 _avarious pages :
_c30 cm
336 _2rda content
_atext
337 _2rda media
_aComputer
338 _2rda carrier
_aOnline Resource
650 0 _aConflict of laws.
650 0 _aJurisdiction (International law)
856 4 0 _uhttps://fll.law.cu.edu.eg/fulltext/bks/ENGB12-00050.pdf
905 _a10
942 _2ddc
_cBK
_e21
_n0
999 _c64564
_d64564